| 000 | 00415nam a2200133Ia 4500 | ||
|---|---|---|---|
| 005 | 20260326235506.0 | ||
| 008 | 260326s9999||||xx |||||||||||||| ||und|| | ||
| 100 | _aConstrucciones Sudamericanas | ||
| 245 | 0 |
_aViviendas económicas : _b 100 modelos de casitas económicas de 1 y 2 Plantas / _cConstrucciones Sudamericanas |
|
| 260 | _bEl Ateneo | ||
| 300 | _a190 p. | ||
| 650 | _aARQUITECTURA RESIDENCIAL | ||
| 942 | _cBK | ||
| 999 |
_c8204 _d8204 |
||